STUDY ON LAND USE PLANING FOCUSING ON ROAD INFRASTRUCTURE IN SVAY ANTOR COMMUNE, SVAY ANTOR DISTRICT, PREY VENG PROVINCE សិក្សាពីផែនការប្រើប្រាស់ដីធ្លីផ្តោតទៅលើហេដ្ឋារចនាសម្ព័ន្ធផ្លូវថ្នល់នៅ ឃុំស្វាយអន្ទរ ស្រុកស្វាយអន្ទរ ខេត្តព្រៃវែង (Record no. 24925)

000 -LEADER
fixed length control field 00734nam a22001217a 4500
040 ## - CATALOGING SOURCE
Transcribing agency RUA
082 ## - DEWEY DECIMAL CLASSIFICATION NUMBER
Classification number LMA THA 2024 B1-398 Or.1
100 ## - MAIN ENTRY--AUTHOR NAME
Personal name THA BUNTHAN ថា ប៊ុនថាន់
245 ## - TITLE STATEMENT
Title STUDY ON LAND USE PLANING FOCUSING ON ROAD INFRASTRUCTURE IN SVAY ANTOR COMMUNE, SVAY ANTOR DISTRICT, PREY VENG PROVINCE សិក្សាពីផែនការប្រើប្រាស់ដីធ្លីផ្តោតទៅលើហេដ្ឋារចនាសម្ព័ន្ធផ្លូវថ្នល់នៅ ឃុំស្វាយអន្ទរ ស្រុកស្វាយអន្ទរ ខេត្តព្រៃវែង
260 ## - PUBLICATION, DISTRIBUTION, ETC. (IMPRINT)
Place of publication RUA
Name of publisher PHNOM PENH
Year of publication 2024
300 ## - PHYSICAL DESCRIPTION
Number of Pages xi
Other physical details ill
Dimensions 29cm
942 ## - ADDED ENTRY ELEMENTS (KOHA)
Koha item type LMA
952 ## - LOCATION AND ITEM INFORMATION (KOHA)
Withdrawn status [LOCAL, KOHA] 0
952 ## - LOCATION AND ITEM INFORMATION (KOHA)
Withdrawn status [LOCAL, KOHA] 0
Holdings
Permanent Location Date acquired Koha item type Lost status Shelving location Barcode Current Location Full call number
Library Block B2025-05-13LMA B1.398A084205Library Block BLMA THA 2024 B1-398 Or.1
Library Block B2025-05-13LMA B1.398A084043Library Block BLMA THA 2024 B1-398 Or.2
មជ្ឈមណ្ឌលឯការនៃសាកលវិទ្យាល័យភូមិន្ទកសិកម្មចំការដូង

Powered by Koha